Britain and the Commonwealth / (Record no. 18493)

MARC details
000 -LEADER
fixed length control field 00690cam a22002411 4500
001 - CONTROL NUMBER
control field 9409503
003 - CONTROL NUMBER IDENTIFIER
control field BDDh-ASL
005 - DATE AND TIME OF LATEST TRANSACTION
control field 20231015025717.0
008 - FIXED-LENGTH DATA ELEMENTS--GENERAL INFORMATION
fixed length control field 750508s1965 e 000 0 eng
010 ## - LIBRARY OF CONGRESS CONTROL NUMBER
LC control number 66048760
015 ## - NATIONAL BIBLIOGRAPHY NUMBER
National bibliography number GB65-19512
035 ## - SYSTEM CONTROL NUMBER
System control number (OCoLC)1319545
040 ## - CATALOGING SOURCE
Original cataloging agency DLC
Transcribing agency FO
Modifying agency BDDh-ASL
-- DLC
050 00 - LIBRARY OF CONGRESS CALL NUMBER
Classification number DA18
Item number .W54
082 ## - DEWEY DECIMAL CLASSIFICATION NUMBER
Classification number 941.063
Item number WIB
100 1# - MAIN ENTRY--PERSONAL NAME
Personal name Wiseman, H. Victor
Fuller form of name (Herbert Victor)
245 10 - TITLE STATEMENT
Title Britain and the Commonwealth /
Statement of responsibility, etc. by H. Victor Wiseman.
260 ## - PUBLICATION, DISTRIBUTION, ETC.
Place of publication, distribution, etc. London:
Name of publisher, distributor, etc. G. Allen & Unwin,
Date of publication, distribution, etc. 1965.
300 ## - PHYSICAL DESCRIPTION
Extent 157 p. :
Dimensions 21 cm.
610 20 - SUBJECT ADDED ENTRY--CORPORATE NAME
Corporate name or jurisdiction name as entry element Commonwealth of Nations.
906 ## - LOCAL DATA ELEMENT F, LDF (RLIN)
a 7
b cbc
c oclcrpl
d u
e ncip
f 19
g y-gencatlg
942 ## - ADDED ENTRY ELEMENTS (KOHA)
Source of classification or shelving scheme Dewey Decimal Classification
Koha item type Books
Holdings
Withdrawn status Lost status Source of classification or shelving scheme Damaged status Not for loan Collection code Home library Current library Shelving location Date acquired Source of acquisition Total Checkouts Full call number Barcode Date last seen Copy number Price effective from Koha item type Public note
    Dewey Decimal Classification   Not For Loan Non-fiction Asiatic Society Library Asiatic Society Library Harrison Collection 10/12/2020 Donated by Prof. John B. Harrison   941.063 WIB 101685 10/12/2020 C-1 10/12/2020 Books RARE

Powered by Koha